Loading...
Russia /
| Main Author: | |
|---|---|
| Format: | Printed Book |
| Language: | English |
| Published: |
Nederland:
Time Life International;
|
| Series: | Life World Library
|
| LEADER | 00487nam a22001457a 4500 | ||
|---|---|---|---|
| 008 | 210226b ||||| |||| 00| 0 eng d | ||
| 082 | |a 910 WOR/RU | ||
| 100 | |a Thayer, Chales W. | ||
| 245 | |a Russia / |c Chales W. Thayer | ||
| 260 | |a Nederland: |b Time Life International; | ||
| 300 | |a 175p. | ||
| 490 | |a Life World Library | ||
| 942 | |c REF | ||
| 999 | |c 355280 |d 355280 | ||
| 952 | |0 0 |1 0 |2 ddc |4 0 |6 910_000000000000000_WOR_RU |7 0 |9 412392 |a UL |b UL |c REF |d 2021-02-26 |l 0 |o 910 WOR/RU |p 2892 |r 2021-02-26 |w 2021-02-26 |y REF | ||